Historia social de la Universidad de Guadalajara / (Record no. 91257)
[ view plain ]
| 000 -CABECERA | |
|---|---|
| campo de control de longitud fija | 00625nam a2200193 a 4500 |
| 005 - FECHA Y HORA DE LA ÚLTIMA TRANSACCIÓN | |
| campo de control | 20210223124711.0 |
| 008 - ELEMENTOS DE LONGITUD FIJA--INFORMACIÓN GENERAL | |
| campo de control de longitud fija | 020904s1995 mx r 000 0 spa d |
| 020 ## - NÚMERO INTERNACIONAL NORMALIZADO PARA LIBROS | |
| Número Internacional Estándar del Libro | 9688955523 |
| 035 ## - NÚMERO DE CONTROL DEL SISTEMA | |
| Número de control de sistema | UPN01000118894 |
| 049 ## - COLECCIÓN | |
| Colección | CG |
| 050 #4 - SIGNATURA TOPOGRÁFICA DE LA BIBLIOTECA DEL CONGRESO | |
| Número de clasificación | LE7.3731 G22 |
| Número de documento/Ítem | H57 |
| 245 00 - MENCIÓN DE TÍTULO | |
| Título | Historia social de la Universidad de Guadalajara / |
| Mención de responsabilidad, etc. | comp. Carmen Castañeda. |
| 260 ## - PUBLICACIÓN, DISTRIBUCIÓN, ETC. | |
| Lugar de publicación, distribución, etc. | Guadalajara : |
| Nombre del editor, distribuidor, etc. | U. de G. : |
| Fecha de publicación, distribución, etc. | 1995. |
| Nombre del editor, distribuidor, etc. | CIESAS, |
| 300 ## - DESCRIPCIÓN FÍSICA | |
| Extensión | 210 p. : |
| Otras características físicas | cuadros, gráfs. |
| 440 #0 - MENCIÓN DE SERIE/ASIENTO SECUNDARIO--TÍTULO | |
| Título | Jornadas académicas |
| 610 24 - ASIENTO SECUNDARIO DE MATERIA - NOMBRE CORPORATIVO | |
| Nombre de entidad corporativa o nombre de jurisdicción como elemento de entrada | UNIVERSIDAD DE GUADALAJARA - |
| Subdivisión general | HISTORIA |
| 700 1# - ASIENTO SECUNDARIO--NOMBRE DE PERSONAL | |
| Nombre de persona | Castañeda García, Carmen, |
| Fechas asociadas al nombre | 1941-2007 |
| Término indicativo de función/relación | comp. |
| 9 (RLIN) | 36459 |
| 905 ## - TIPO DE MATERIAL | |
| Tipo de material | Libro |
| Estado de retiro | Estado de pérdida | Fuente del sistema de clasificación o colocación | Estado dañado | No para préstamo | Código de colección | Localización permanente | Ubicación/localización actual | Ubicación en estantería | Total de préstamos | Clasificación | Código de barras | Fecha visto por última vez | Número de copia | Tipo de ítem Koha |
|---|---|---|---|---|---|---|---|---|---|---|---|---|---|---|
| Library of Congress Classification | Colección General | Bib. Gregorio Torres Quintero | Bib. Gregorio Torres Quintero | Planta baja | 1 | LE7.3731 G22 H57 | 132352 | 31/12/2020 | 1 | Libro | ||||
| Library of Congress Classification | Colección General | Bib. Gregorio Torres Quintero | Bib. Gregorio Torres Quintero | Planta baja | LE7.3731 G22 H57 | 133908 | 31/12/2020 | 1 | Libro |
